[Event "Leipzig VfB op 24th"]
[Site "Leipzig"]
[Date "2017.03.25"]
[Round "7"]
[White "Wichmann, Cliff"]
[Black "Herrmann, Markus"]
[Result "1-0"]
[WhiteElo "2297"]
[BlackElo "2022"]
[PlyCount "85"]
[EventDate "2017.03.21"]
[EventType "swiss"]
[EventRounds "9"]
[EventCountry "GER"]
[SourceTitle "EXT 2018"]
[Source "ChessBase"]
[SourceDate "2017.10.13"]
[SourceVersion "1"]
[SourceVersionDate "2017.10.13"]
[SourceQuality "1"]

1. d4 d5 2. Nf3 Nf6 3. c4 c6 4. Nc3 g6 5. Bf4 Bg7 6. e3 0-0 7. h3 Ne4 8. Qb3 dxc4 9. Bxc4 Nxc3 10. bxc3 Nd7 11. 0-0 c5 12. Rfd1 cxd4 13. cxd4 Nb6 14. Be2 Be6 15. Qb2 Bd5 16. Rac1 Rc8 17. Ne5 Bxe5 18. Bxe5 Qd7 19. Bf4 Rxc1 20. Rxc1 Rc8 21. Rxc8+ Nxc8 22. f3 Qa4 23. a3 Nb6 24. Qc1 Bc4 25. Bd1 Qc6 26. e4 Bb5 27. Qb2 Na4 28. Qb4 Qd7 29. d5 b6 30. Be3 a5 31. Qd4 Nc5 32. Bd2 Qc7 33. Bc3 f6 34. Qe3 Nd7 35. f4 Qc4 36. Bg4 Nc5 37. Bd4 h5 38. Bf3 Nd7 39. Kh2 Nc5 40. e5 f5 41. e6 Ne4 42. Bxe4 fxe4 43. Qxe4 1-0

[Event "Leipzig VfB op 23rd"]
[Site "Leipzig"]
[Date "2016.03.17"]
[Round "5"]
[White "Fischer, Edwin"]
[Black "Herrmann, Markus"]
[Result "1-0"]
[WhiteElo "2166"]
[BlackElo "2010"]
[PlyCount "121"]
[EventDate "2016.03.15"]
[EventType "swiss"]
[EventRounds "9"]
[EventCountry "GER"]
[SourceTitle "EXT 2017"]
[Source "ChessBase"]
[SourceDate "2016.10.25"]
[SourceVersion "1"]
[SourceVersionDate "2016.10.25"]
[SourceQuality "1"]

1. Nf3 Nf6 2. c4 g6 3. g3 Bg7 4. Bg2 0-0 5. 0-0 d5 6. cxd5 Nxd5 7. Nc3 Nc6 8. Ng5 Nb6 9. d3 e5 10. Be3 Nd4 11. Nf3 Bd7 12. Bxd4 exd4 13. Ne4 Bc6 14. Nc5 a5 15. Qd2 Re8 16. Rfe1 h6 17. Rac1 g5 18. e4 dxe3 19. fxe3 Qd6 20. Kh1 Rad8 21. d4 Nc8 22. Nd3 Be4 23. Nc5 Bc6 24. Qf2 b6 25. Nd3 Ne7 26. Nfe5 Bxg2+ 27. Qxg2 Bxe5 28. Nxe5 c5 29. Rf1 Rf8 30. Rcd1 cxd4 31. exd4 Qd5 32. Rf6 Qxe5 33. dxe5 Rxd1+ 34. Rf1 Rfd8 35. Qf3 Rxf1+ 36. Qxf1 Nd5 37. Qd3 Kf8 38. e6 fxe6 39. Qg6 Ke7 40. Qxh6 Rg8 41. Qh7+ Kf8 42. Qd7 Rg6 43. h4 gxh4 44. gxh4 Rh6 45. Kg1 Kg8 46. Kf2 Rf6+ 47. Ke2 Rf7 48. Qd8+ Kh7 49. a3 Kg7 50. Kd3 Rf2 51. h5 Rf6 52. Ke4 Rh6 53. Qg5+ Kh7 54. Ke5 a4 55. Qh4 b5 56. Qg5 Nb6 57. Qe7+ Kg8 58. Qd8+ Kf7 59. Qc7+ Kg8 60. Qxb6 Rxh5+ 61. Kf6 1-0

[Event "Leipzig VfB op 21st"]
[Site "Leipzig"]
[Date "2014.03.08"]
[Round "9"]
[White "Herfurth, Thomas"]
[Black "Herrmann, Markus"]
[Result "1/2-1/2"]
[WhiteElo "1928"]
[BlackElo "2022"]
[PlyCount "73"]
[EventDate "2014.03.04"]
[EventType "tourn"]
[EventRounds "9"]
[EventCountry "GER"]
[SourceTitle "CBM 159 Extra"]
[Source "ChessBase"]
[SourceDate "2014.04.24"]
[SourceVersion "1"]
[SourceVersionDate "2014.04.24"]
[SourceQuality "1"]

1. Nc3 e5 2. Nf3 Nc6 3. d4 exd4 4. Nxd4 Nf6 5. e4 Bc5 6. Nxc6 bxc6 7. Bg5 Qe7 8. Bd3 h6 9. Bh4 a6 10. Qe2 d6 11. h3 Bd4 12. 0-0 g5 13. Bg3 h5 14. Kh1 h4 15. Bh2 g4 16. Rfe1 Nh5 17. Qf1 a5 18. Be2 a4 19. Rad1 Bb6 20. e5 d5 21. e6 f5 22. Nxd5 cxd5 23. Bb5+ Kf8 24. Rxd5 Bb7 25. Rxf5+ Nf6 26. Be5 Rh6 27. Rxf6+ Rxf6 28. Bxf6 Qxf6 29. e7+ Kg7 30. e8Q Rxe8 31. Rxe8 gxh3 32. Qe2 hxg2+ 33. Kg1 Bf3 34. Re7+ Kg8 35. Re8+ Kg7 36. Re7+ Kg8 37. Re8+ 1/2-1/2

[Event "Leipzig VfB op 20th"]
[Site "Leipzig"]
[Date "2013.03.07"]
[Round "4"]
[White "Barisch, Florian"]
[Black "Herrmann, Markus"]
[Result "1-0"]
[WhiteElo "1958"]
[BlackElo "2044"]
[PlyCount "61"]
[EventDate "2013.03.05"]
[EventType "swiss"]
[EventRounds "9"]
[EventCountry "GER"]
[SourceTitle "EXT 2014"]
[Source "ChessBase"]
[SourceDate "2013.11.20"]
[SourceVersion "1"]
[SourceVersionDate "2013.11.20"]
[SourceQuality "1"]

1. d4 Nf6 2. Bf4 d5 3. e3 c5 4. c3 e6 5. Nf3 Nc6 6. Nbd2 Bd6 7. Bg3 0-0 8. Bd3 Qe7 9. Ne5 Bxe5 10. dxe5 Nd7 11. f4 f6 12. exf6 gxf6 13. 0-0 e5 14. Bc2 b6 15. Bb3 c4 16. Nxc4 dxc4 17. Qd5+ Kh8 18. Qxc6 cxb3 19. Qxa8 Ba6 20. Qxa7 Bxf1 21. Kxf1 bxa2 22. Qxa2 e4 23. b4 Qd6 24. Qc4 Qd2 25. Qd4 Qb2 26. c4 Qxd4 27. exd4 f5 28. Bh4 Rc8 29. c5 Rc7 30. Ra8+ Kg7 31. Bd8 1-0

[Event "Leipzig VfB op 19th"]
[Site "Leipzig"]
[Date "2012.03.10"]
[Round "7"]
[White "Herrmann, Markus"]
[Black "Mueller, Frank1111"]
[Result "1/2-1/2"]
[WhiteElo "2029"]
[BlackElo "2282"]
[PlyCount "116"]
[EventDate "2012.03.06"]
[EventType "swiss"]
[EventRounds "9"]
[EventCountry "GER"]
[SourceTitle "CBM 147 Extra"]
[Source "ChessBase"]
[SourceDate "2012.04.24"]
[SourceVersion "1"]
[SourceVersionDate "2012.04.24"]
[SourceQuality "1"]

1. d4 Nf6 2. c4 g6 3. Nc3 d5 4. cxd5 Nxd5 5. e4 Nxc3 6. bxc3 Bg7 7. Nf3 c5 8. Be3 Qa5 9. Qd2 Nc6 10. Rc1 Bg4 11. d5 Rd8 12. Be2 0-0 13. Bh6 e6 14. Bxg7 Kxg7 15. c4 f5 16. Qxa5 Nxa5 17. Ng5 Bxe2 18. Kxe2 exd5 19. Ne6+ Kf6 20. Nxf8 Rxf8 21. exd5 Re8+ 22. Kd3 Re4 23. Rhd1 b6 24. f3 Rd4+ 25. Ke2 Rh4 26. d6 Nc6 27. Kf2 Ke6 28. Rd2 Kd7 29. Kg3 Rd4 30. Rxd4 Nxd4 31. Re1 Ne6 32. f4 Kxd6 33. Rb1 Nd4 34. Kh4 h6 35. Re1 Ne6 36. Kg3 Kd7 37. Rd1+ Nd4 38. Rd2 Ke7 39. Kf2 Nc6 40. Ke3 Na5 41. Kd3 Nc6 42. Re2+ Kf7 43. h4 h5 44. Kc3 Nd4 45. Re5 Ne6 46. g3 Nd4 47. a4 Nc6 48. Rd5 Ke7 49. Rd3 Na5 50. Re3+ Kd7 51. Re5 Nc6 52. Rd5+ Ke7 53. Rd1 Na5 54. Rb1 Nc6 55. Kd3 Na5 56. Rc1 Nc6 57. Ke3 Na5 58. Kf2 Kd7 1/2-1/2

[Event "Leipzig VfB op 19th"]
[Site "Leipzig"]
[Date "2012.03.08"]
[Round "5"]
[White "Herrmann, Markus"]
[Black "Dobierzin, Olaf"]
[Result "1/2-1/2"]
[WhiteElo "2029"]
[BlackElo "2098"]
[PlyCount "139"]
[EventDate "2012.03.06"]
[EventType "swiss"]
[EventRounds "9"]
[EventCountry "GER"]
[SourceTitle "CBM 147 Extra"]
[Source "ChessBase"]
[SourceDate "2012.04.24"]
[SourceVersion "1"]
[SourceVersionDate "2012.04.24"]
[SourceQuality "1"]

1. d4 Nf6 2. c4 g6 3. Nc3 Bg7 4. e4 d6 5. Nf3 0-0 6. Be2 e5 7. 0-0 Nc6 8. d5 Ne7 9. b4 a5 10. bxa5 Rxa5 11. Nd2 b6 12. Nb3 Ra8 13. a4 Nd7 14. Be3 f5 15. f3 Nc5 16. Nxc5 bxc5 17. Qc2 c6 18. Rfb1 Ba6 19. Bd2 Qc7 20. Ra2 cxd5 21. cxd5 Bxe2 22. Nxe2 fxe4 23. fxe4 Rfb8 24. Rab2 Bf6 25. Nc3 Nc8 26. Nb5 Qd7 27. Na3 Rxb2 28. Rxb2 Rxa4 29. Rb7 Qxb7 30. Qxa4 Kf7 31. Nc4 Qb1+ 32. Kf2 Qxe4 33. Qd7+ Be7 34. Qe6+ Kg7 35. Qxc8 Qxc4 36. Qd7 Qh4+ 37. g3 Qf6+ 38. Ke2 g5 39. g4 Kg6 40. Qe8+ Qf7 41. Qd7 h6 42. Be3 Bf8 43. Qc6 e4 44. Kd2 Qf6 45. Qe8+ Kh7 46. Qxe4+ Qg6 47. Qa4 Bg7 48. Qc6 Qf6 49. h3 Qe5 50. Kd3 Qg3 51. Qc8 Qf3 52. Qe6 Qf6 53. Qe4+ Qg6 54. Qxg6+ Kxg6 55. Ke4 c4 56. Bf2 Be5 57. Be3 Kf6 58. Bf2 Ke7 59. Be1 Kd7 60. h4 Kc7 61. hxg5 hxg5 62. Bd2 Bf6 63. Kf5 Bd8 64. Ke6 Kb6 65. Kxd6 Kb5 66. Kd7 Bf6 67. Ke6 c3 68. Be3 Bd8 69. Kd7 Bf6 70. Ke6 1/2-1/2

[Event "Leipzig VfB op 18th"]
[Site "Leipzig"]
[Date "2011.03.24"]
[Round "4"]
[White "Boettger, Lukas"]
[Black "Herrmann, Markus"]
[Result "1-0"]
[WhiteElo "2174"]
[BlackElo "1983"]
[PlyCount "151"]
[EventDate "2011.03.20"]
[EventType "swiss"]
[EventRounds "9"]
[EventCountry "GER"]
[SourceTitle "CBM 141 Extra"]
[Source "ChessBase"]
[SourceDate "2011.05.03"]
[SourceVersion "1"]
[SourceVersionDate "2011.05.03"]
[SourceQuality "1"]

1. d4 Nf6 2. c4 g6 3. Nc3 d5 4. Nf3 Bg7 5. Bf4 0-0 6. Rc1 c5 7. dxc5 Be6 8. Nd4 Nc6 9. Nxe6 fxe6 10. e3 Qa5 11. Qa4 Qxc5 12. Qb5 Qxb5 13. cxb5 Na5 14. Be2 Rac8 15. 0-0 Nc4 16. b3 Nd6 17. Na4 b6 18. Rc6 Rxc6 19. bxc6 Nfe8 20. Rc1 Nc7 21. h3 e5 22. Bh2 Ne4 23. Bf3 Ng5 24. Bd1 Ne4 25. Rc2 Rd8 26. Nb2 d4 27. exd4 Rxd4 28. Be2 Nd6 29. Kf1 e4 30. Nc4 b5 31. Nxd6 exd6 32. Bf4 Rd5 33. a4 a6 34. axb5 axb5 35. g3 Bd4 36. b4 g5 37. Bc1 h6 38. Ra2 Rf5 39. Bg4 Rf8 40. Ke1 d5 41. h4 Bc3+ 42. Kf1 Bxb4 43. hxg5 hxg5 44. Bxg5 Bc5 45. Bf4 Rf7 46. Bxc7 Rxc7 47. Be6+ Kg7 48. Bxd5 e3 49. fxe3 Bxe3 50. Rb2 Kf6 51. Rxb5 Ke7 52. Ke2 Bd4 53. Kf3 Kd6 54. Rb7 Rc8 55. Rd7+ Ke5 56. Kg4 Bb6 57. Kg5 Ra8 58. g4 Ra5 59. Bf3 Ke6+ 60. Kg6 Ra3 61. Be4 Rc3 62. Rb7 Bd8 63. Rb8 Be7 64. Bf5+ Kd6 65. Bd7 Rc5 66. Re8 Rc1 67. Rh8 Rc3 68. Rh5 Rc1 69. Rh2 Rc3 70. Re2 Bd8 71. Rg2 Rc5 72. g5 Be7 73. Kh6 Bf8+ 74. Kh7 Re5 75. g6 Re7+ 76. g7 1-0

[Event "Leipzig VfB op 16th"]
[Site "Leipzig"]
[Date "2009.04.04"]
[Round "7"]
[White "Frotscher, Thomas"]
[Black "Herrmann, Markus"]
[Result "1-0"]
[WhiteElo "2188"]
[BlackElo "1992"]
[PlyCount "67"]
[EventDate "2009.03.31"]
[EventType "swiss"]
[EventRounds "9"]
[EventCountry "GER"]
[SourceTitle "EXT 2010"]
[Source "ChessBase"]
[SourceDate "2010.11.25"]
[SourceVersion "1"]
[SourceVersionDate "2010.11.25"]
[SourceQuality "1"]

1. c4 e6 2. Nf3 d5 3. e3 Nf6 4. b3 c5 5. Bb2 Bd6 6. Be2 Nc6 7. cxd5 exd5 8. 0-0 0-0 9. d4 Qe7 10. dxc5 Bxc5 11. Nc3 Be6 12. Nb5 a6 13. Nbd4 Ba3 14. Qc1 Bxb2 15. Qxb2 Rfc8 16. Rac1 Qb4 17. h3 h6 18. Bd3 Kf8 19. Rfd1 Kg8 20. Rd2 Nxd4 21. Nxd4 Rxc1+ 22. Qxc1 Rc8 23. Rc2 Rxc2 24. Qxc2 Qe1+ 25. Kh2 Ne4 26. Bxe4 dxe4 27. Kg3 Qa5 28. Nxe6 Qe5+ 29. Nf4 g5 30. Qc8+ Kh7 31. Kg4 gxf4 32. Qf5+ Qxf5+ 33. Kxf5 fxe3 34. fxe3 1-0

[Event "Leipzig VfB op 15th"]
[Site "Leipzig"]
[Date "2008.02.29"]
[Round "5"]
[White "Herrmann, Markus"]
[Black "Schroeder, Daniel"]
[Result "0-1"]
[WhiteElo "2006"]
[BlackElo "1772"]
[PlyCount "38"]
[EventDate "2008.02.26"]
[EventType "swiss"]
[EventRounds "9"]
[EventCountry "GER"]
[SourceTitle "CBM 123 Extra"]
[Source "ChessBase"]
[SourceDate "2008.05.06"]
[SourceVersion "1"]
[SourceVersionDate "2008.05.06"]
[SourceQuality "1"]

1. e4 e5 2. Nf3 Nc6 3. Bb5 a6 4. Ba4 Nf6 5. 0-0 Be7 6. Re1 b5 7. Bb3 0-0 8. c3 d5 9. exd5 e4 10. dxc6 exf3 11. Qxf3 Bg4 12. Qg3 Bd6 13. Qh4 Re8 14. f3 Rxe1+ 15. Qxe1 Qe8 16. Qf2 Qe5 17. d4 Qxh2+ 18. Kf1 Re8 19. Bd2 Bf5 0-1

[Event "Leipzig VfB op 15th"]
[Site "Leipzig"]
[Date "2008.02.28"]
[Round "3"]
[White "Herrmann, Markus"]
[Black "Seifert, Volker"]
[Result "0-1"]
[WhiteElo "2006"]
[BlackElo "2328"]
[PlyCount "80"]
[EventDate "2008.02.26"]
[EventType "swiss"]
[EventRounds "9"]
[EventCountry "GER"]
[SourceTitle "CBM 123 Extra"]
[Source "ChessBase"]
[SourceDate "2008.05.06"]
[SourceVersion "1"]
[SourceVersionDate "2008.05.06"]
[SourceQuality "1"]

1. e4 e6 2. d4 d5 3. Nc3 Bb4 4. e5 Ne7 5. a3 Bxc3+ 6. bxc3 c5 7. Nf3 Bd7 8. a4 Qa5 9. Qd2 Nbc6 10. Bd3 f6 11. 0-0 fxe5 12. dxe5 h6 13. c4 Qxd2 14. Bxd2 0-0 15. Rfe1 Be8 16. h3 Bh5 17. Nh2 Rad8 18. Bc3 dxc4 19. Bxc4 Nd5 20. Bd2 Nd4 21. Rac1 Nb6 22. Bd3 Nxa4 23. Ra1 Be8 24. Nf1 b5 25. Be3 c4 26. Be4 Nc3 27. Bxd4 Rxd4 28. Bf3 Rd7 29. Bg4 Bf7 30. Ra6 Re8 31. Bf3 Rc7 32. Rea1 Ree7 33. Ng3 Rc5 34. Re1 b4 35. Rd6 b3 36. cxb3 cxb3 37. Rd2 a5 38. Ra1 Bg6 39. Ne2 Nxe2+ 40. Rxe2 Bc2 0-1

[Event "Berlin Herbst op"]
[Site "Berlin"]
[Date "2007.10.16"]
[Round "3"]
[White "Rabiega, Robert"]
[Black "Herrmann, Markus"]
[Result "1-0"]
[WhiteElo "2545"]
[BlackElo "2037"]
[PlyCount "57"]
[EventDate "2007.10.14"]
[EventType "swiss"]
[EventRounds "9"]
[EventCountry "GER"]
[SourceTitle "EXT 2008"]
[Source "ChessBase"]
[SourceDate "2007.11.25"]
[SourceVersion "1"]
[SourceVersionDate "2007.11.25"]
[SourceQuality "1"]

1. e4 e5 2. Bc4 Nf6 3. d3 Nc6 4. Nf3 Bc5 5. c3 d6 6. 0-0 0-0 7. Re1 Ng4 8. Rf1 Kh8 9. h3 Nh6 10. d4 exd4 11. cxd4 Bb6 12. Bg5 f6 13. Bxh6 gxh6 14. Qd2 Kg7 15. Nc3 f5 16. Rfe1 fxe4 17. Rxe4 Bf5 18. Rh4 Qf6 19. Nd5 Qg6 20. Nf4 Qe8 21. Re1 Qd7 22. Be6 Ba5 23. Qc1 Qe7 24. Re3 Nxd4 25. Nxd4 Qxh4 26. Nxf5+ Rxf5 27. Bxf5 Kf6 28. Nd5+ Kxf5 29. Qc2+ 1-0

[Event "Dresden ZMD op"]
[Site "Dresden"]
[Date "2007.07.28"]
[Round "8"]
[White "Herrmann, Markus"]
[Black "Mueller, Philipp"]
[Result "1/2-1/2"]
[WhiteElo "2069"]
[BlackElo "1958"]
[PlyCount "141"]
[EventDate "2007.07.21"]
[EventType "swiss"]
[EventRounds "9"]
[EventCountry "GER"]
[SourceTitle "EXT 2008"]
[Source "ChessBase"]
[SourceDate "2007.11.25"]
[SourceVersion "1"]
[SourceVersionDate "2007.11.25"]
[SourceQuality "1"]

1. e4 c5 2. Nf3 e6 3. d4 cxd4 4. Nxd4 a6 5. Nc3 b5 6. Bd3 Qb6 7. Nb3 Qc7 8. 0-0 Nf6 9. f4 d6 10. a3 Be7 11. Be3 Nbd7 12. Qf3 0-0 13. Kh1 Bb7 14. Rae1 d5 15. exd5 Nxd5 16. Nxd5 Bxd5 17. Qh3 f5 18. Bd4 Bf6 19. Qe3 Bxd4 20. Qxd4 Rf6 21. Rf2 Rc8 22. Re3 Qb7 23. Rg3 Rg6 24. Rxg6 hxg6 25. h3 Qc7 26. Nd2 Qc5 27. Nf3 Bxf3 28. Qxd7 Bd5 29. Re2 Qc6 30. Qe7 Re8 31. Qg5 Kf7 32. Re3 Rh8 33. Rg3 Rh6 34. Kh2 Qc8 35. Be2 Qf8 36. Rc3 Qd6 37. Re3 Qe7 38. Qxe7+ Kxe7 39. Rc3 Rh8 40. Rc7+ Kf6 41. Rd7 Rc8 42. c3 Re8 43. Kg3 Re7 44. Rd8 g5 45. fxg5+ Kxg5 46. Rd6 Ra7 47. h4+ Kf6 48. Bf3 Ke5 49. Rd8 Be4 50. Kf2 Bxf3 51. Kxf3 Rb7 52. h5 a5 53. g4 fxg4+ 54. Kxg4 Kf6 55. Kf4 a4 56. Rf8+ Ke7 57. Rg8 Kf7 58. Rd8 Rc7 59. Rb8 Rc5 60. Kg4 Rd5 61. Rb7+ Kf6 62. Rb6 Rg5+ 63. Kh4 Re5 64. Rb7 g5+ 65. hxg6 Kxg6 66. Kg4 Rf5 67. Rb6 Kf6 68. Rb8 Rd5 69. Kf4 Kg6 70. Rb6 Kf6 71. Ke4 1/2-1/2